[Event "ROM-ch"]
[Site "Bucharest"]
[Date "1998.12.21"]
[Round "13"]
[White "Grigore, George Gabriel"]
[Black "Cosma, Ioan"]
[Result "1-0"]
[WhiteElo "2475"]
[BlackElo "2475"]
[Annotator "Golod,V"]
[PlyCount "95"]
[EventDate "1998.12.08"]
[EventType "tourn"]
[EventRounds "15"]
[EventCountry "ROU"]
[EventCategory "9"]
[SourceTitle "CBM 069"]
[Source "ChessBase"]
[SourceDate "1999.04.01"]
[SourceVersion "1"]
[SourceVersionDate "1999.04.01"]
[SourceQuality "1"]

1. d4 Nf6 2. c4 e6 3. Nc3 Bb4 4. Qc2 O-O 5. a3 Bxc3+ 6. Qxc3 b6 7. Nf3 $5 (7.
Bg5 {-is the main line.}) 7... Bb7 8. g3 $5 ({Besides,white has few options:} 
8. e3 $5 {See comments to Kramnik,V-Nikolic,P/Monte Carlo 1998/CBM(1/2-1/2)
[Kostakiev](63)}) (8. Bg5 $5 {See comments to Kasparov,G-Kramnik,V/Linares
1998/CBM 64/(1/2-1/2)[Kostakiev](52)}) ({and} 8. b4 $5) 8... d6 $5 ({Another
line is:} 8... c5 $5) 9. Bg2 Nbd7 10. O-O h6 {In my opinion 10...h6-
superfluous move.Better is:10...Qe7!? or 10...c5!? Also possibly:10...a5 and
10...Ne4} 11. b4 {[%cal Gc1b2]} Qe7 12. Bb2 Be4 $5 {><e4; with the idea:c6,d5
or Rac8[Rfc8],c5} ({Worse is:} 12... Ne4 {in view of:} 13. Qe3 $14 {[%csl Rb7,
Re4][%cal Gg2b7]}) 13. Rfe1 $5 (13. Rfd1 $5 Rfc8 $5 (13... c6 $143 14. Bf1 $1 {
[%csl Re4][%cal Gf3d2]} Rfc8 15. Nd2 Bg6 16. Bg2 d5 17. a4 a6 18. Re1 a5 19.
bxa5 Rxa5 20. Rec1 $14 {1/2-1/2 Benjamin,J-Salov,V/Szirak 1987/CBM 03 (53)})
14. Rac1 a5 15. Qe3 (15. b5 $5) 15... axb4 16. axb4 Ra2 17. Qb3 Rca8 18. Ne1
Bxg2 19. Kxg2 c6 20. Nc2 R2a7 $11 {1/2-1/2 Forintos,G-Hauchard,A/FRA 1998/CBM
64 ext (39)}) 13... c6 $6 $146 {/\d5} (13... Rfc8 $142 $5 {-was checked in the
previous game.} 14. d5 $6 (14. Rad1 $5) 14... c5 $1 15. dxc6 $6 (15. dxe6 $142)
15... Rxc6 16. Nd4 Bxg2 17. Kxg2 Rcc8 18. Qb3 e5 19. Nf5 Qe6 20. Ne3 b5 $1 $17
{[%csl Rc4][%cal Gd7b6] 0-1 Sjoberg,M-Almasi,Z/Hilversum 1993/CBM 39 (35)}) 14.
Bf1 $1 $14 {[%cal Gf3d2]} d5 ({After:} 14... b5 $5 15. Nd2 Bg6 16. Bg2 {
white has a positional advantage.}) 15. Nd2 Bg6 16. f3 $5 {/\e4} b5 $5 ({
Can be recommended:} 16... Rfe8 {with the idea after:} 17. e4 dxe4 18. fxe4 e5
19. d5 $14) 17. c5 Qd8 $6 {[%mdl 16384] After this move white has a big
positional advantage.It is necessary:} (17... Rfe8 18. e4 $140 $6 (18. a4 $5
$14) 18... dxe4 19. fxe4 $6 (19. Nxe4 Nd5 20. Qd2 Red8 {+/=/=}) 19... e5 $13)
18. a4 $1 ({Slightly worse is:} 18. e4 {because of:} a5) 18... a6 19. e4 Qc7 $6
(19... dxe4 $5 20. fxe4 e5 $1 {[%csl Rd2]} (20... Re8 $6 21. Bg2 $16) 21. dxe5
Nxe5 22. Nf3 $14) 20. Ra3 ({Also possibly:} 20. e5 {with full domination.})
20... dxe4 {is the best move,differently 21.e5} 21. fxe4 Rab8 (21... Rfe8 22.
Bg2 {+/=/+/-}) (21... e5 $2 {is refuted by:} 22. dxe5 Ng4 $140 $2 (22... Nh5
$142 {+/-/+-}) 23. e6 $18 {[%csl Rg7]} Nde5 (23... Ndf6 24. h3 $18) 24. h3) 22.
axb5 ({Badly right away:} 22. Bg2 {in view of:} a5 $132) 22... axb5 23. Bg2
Rfd8 ({Can be reccomended:} 23... Ra8 24. Rea1 Rxa3 25. Rxa3 Rd8 26. Ra6 {
[%cal Gc3a3] +/=/+/-}) 24. Nb3 {White's plan is:Ra6,Na5(קc6)} Nf8 25. Ra6 Ra8
$8 26. Rxa8 Rxa8 27. Na5 {[%csl Ya5,Ga8,Rc6] /\d5} N8h7 $6 (27... Qd7 $5) 28.
d5 $1 $16 {[%cal Gd5c6,Gd5e6,Gd5d6]} exd5 29. exd5 cxd5 30. Bxd5 {[%csl Rg7]}
Rd8 (30... Ra6 $143 31. c6 Ng5 32. Bg2 Ne6 33. Qe5 Qa7+ 34. Qe3 $16 {[%csl Gc6]
}) 31. Bg2 ({Senseless:} 31. Nc6 {because of:} Rd7 (31... Rxd5 $4 32. Ne7+ Kf8
33. Nxd5 Nxd5 34. Qxg7#)) 31... Ng5 32. Qe5 Qd7 $5 ({Slightly worse is:} 32...
Qxe5 33. Bxe5 Re8 34. c6 $16) 33. Nc6 $5 {/\Ne7 and c6-c7-c8Q} Re8 $6 (33...
Nh3+ $1 34. Bxh3 $8 (34. Kh1 $4 Nf2+ 35. Kg1 Nd3) (34. Kf1 $4 Bd3+ 35. Re2 Re8
$19) 34... Qxc6 35. Bg2 Qd7 {[%cal Gd8e8] +/=/+/-}) 34. Ne7+ Kh7 $2 {Loses
right away.} (34... Kf8 $8 35. Nxg6+ fxg6 36. Qc3 $16) 35. c6 {[%csl Gc6][%cal
Gc6c7]} Nh3+ (35... Qa7+ $144 36. Bd4 Qa4 37. c7 Qc2 38. c8=Q Rxc8 39. Nxc8
Qxc8 40. Qxb5 $18) 36. Bxh3 Qxh3 37. c7 $18 Qd7 ({After:} 37... Bh5 {[%cal
Gh5f3,Gh5g4,Gg4c8] white has a forcing win:} 38. Qc3 $1 {[%csl Rg7][%cal Gc7c8]
} (38. c8=Q $4 Rxc8 39. Nxc8 Bf3 $1 40. Re2 $8 Bxe2 41. Qxe2 Qxc8 42. Qxb5 $14)
38... Bg4 39. Qd3+ $1 Kh8 (39... Bf5 40. c8=Q $1 {[%csl Rf5,Rh3,Rh7][%cal
Gc8h3,Gd3h7]} Rxc8 41. Qxf5+ Qxf5 42. Nxf5 $18) 40. Bxf6 gxf6 41. Qd8 $18) 38.
Qc3 {[%cal Gc7c8]} Bf5 $8 39. c8=Q Rxc8 40. Nxc8 Qxc8 41. Qxc8 Bxc8 42. Bxf6 $1
{The rest is the matter of technics.} gxf6 43. Kf2 {[%csl Rb5][%cal Ge1c1,
Gc1c5,Gf2e3,Ge3d4]} Kg6 44. Ke3 h5 45. Kd4 Be6 (45... Kf5 46. Kc5 Bd7 47. Re7)
46. Rc1 f5 47. Rc5 Bd7 48. Rd5 $1 {[%csl Rb5]} (48. Rd5 $1 Be8 (48... Be6 49.
Rxb5) 49. Rd8 Bc6 50. Rd6+) 1-0

[Event "FIDE-Wch k.o."]
[Site "Las Vegas"]
[Date "1999.08.04"]
[Round "2.2"]
[White "Shipov, Sergei"]
[Black "Stefansson, Hannes"]
[Result "1/2-1/2"]
[WhiteElo "2658"]
[BlackElo "2584"]
[Annotator "Golod,V"]
[PlyCount "92"]
[EventDate "1999.07.31"]
[EventType "k.o."]
[EventRounds "7"]
[EventCountry "USA"]
[SourceTitle "CBM 072"]
[Source "ChessBase"]
[SourceDate "1999.10.01"]
[SourceVersion "1"]
[SourceVersionDate "1999.10.01"]
[SourceQuality "1"]

1. d4 Nf6 2. c4 e6 3. Nc3 Bb4 4. Qc2 O-O 5. a3 Bxc3+ 6. Qxc3 b6 7. Bg5 Bb7 8.
f3 h6 9. Bh4 d5 10. e3 Nbd7 11. cxd5 $5 {Besides,white has two options:} (11.
Nh3) ({and} 11. Bd3) 11... Nxd5 12. Bxd8 Nxc3 13. Be7 $6 {There are three
alternatives:} (13. Bxc7 $5) (13. bxc3 $6) ({and} 13. Bh4 $5 {(is the main
line).See comments to games: Gelfand,B-Tiviakov,S/Elista,1998/CBM 65(1/2-1/2)
(Golod,V)(23); Teplitsky,Y-Gershon,A/Bermuda,1999/CBM 69(1/2-1/2)(Golod,V)(27);
Kramnik,V-Adams,M/Linares,1999/CBM 70(1-0)(Golod,V)(38) and Piket,J-Karpov,A/
Monaco,1999/CBM 70(1/2-1/2)(Golod,V)(41).}) 13... Rfe8 14. Bh4 $5 (14. Bb4 $143
Nd5 {[%csl Rb4,Re3]} 15. Bd2 (15. e4 Ne3 16. Kf2 Nxf1 17. Rxf1 f5 $1 $15 {
1/2-1/2 Panno,O-Dokhoian,Y/Moscow 1989/TD (28)}) 15... e5 16. dxe5 Nxe5 17.
O-O-O c5 18. e4 Ne7 19. Bc3 N7c6 $11 {1/2-1/2 Jimenez,F-Rodriguez,A/Pamplona
1990/EXT 97 (51)}) 14... Nd5 15. Bf2 ({Dubious:} 15. Kf2 {in view of:} e5 16.
e4 Nf4 17. Bg3 Nh5 18. Rc1 Nxg3 19. hxg3 c6 {=/=/+; 0-1 Sjoberg,M-Farago,I/
Zalakaros 1992/EXT 97(25)}) 15... e5 $5 {Besides this move:} (15... f5 $5 16.
Bb5 c6 17. Bd3 (17. Bc4 $5) 17... c5 18. Bb5 Red8 19. Ne2 Rac8 20. Rc1 a6 21.
Bxd7 Rxd7 22. dxc5 Rxc5 23. O-O $11 {1/2-1/2 Babula,V-Korneev,O/Karvina 1992/
EXT 97 (23)}) ({and} 15... Rac8 16. e4 Ne7 17. Rc1 $6 (17. Rd1 $142) 17... f5
18. Bb5 Red8 19. Bc4 Kf7 20. e5 c5 21. Ne2 cxd4 22. Bxd4 Bd5 $15 {Sherbakov,
R-Karpov,A/Moscow 1993/EXT 97(0-1)(40) - was checked in the previous games.})
16. e4 $5 $146 ({Slightly worse is:} 16. dxe5 Nxe5 17. O-O-O c5 18. Kc2 Bc6 19.
e4 Nc7 20. Ne2 Rad8 {-with equal position. Sherbakov,R-Timman,J/Moscow1993(1/
2-1/2)(39)}) 16... exd4 $140 17. O-O-O ({Very badly:} 17. Bxd4 $2 {because of:}
f5 {[%csl Re4]}) 17... Nf4 $5 {[%cal Gf4e6]} 18. Bxd4 Rad8 {/\19...Ne6 and 20..
.Nc5 or 20...Ne5} 19. Ne2 ({Can be recommended:} 19. Be3 Ne6 20. Nh3 $5 (20.
Ne2 {-transfers to 19.Ne2}) 20... Ne5 21. Be2 c5 22. Rxd8 Rxd8 23. Rd1 {
with slight positional advantage for white.}) 19... Ne6 20. Be3 (20. Bc3 $143
Ndc5 {[%cal Gc5a4]}) 20... Ba6 $6 {After this inaccuracy white transfers to
better endgame.} ({In my opinion slightly better is:} 20... Ndc5 $5) ({or} 
20... Ne5 $5) 21. Nf4 Bxf1 22. Rhxf1 $14 {_|_} Nxf4 23. Bxf4 {[%mdl 4096]} Nc5
{[%cal Gc5d3,Gc5e6,Gc5b3]} 24. Kc2 {[%csl Yc2,Rd3]} (24. Bxc7 $2 {is refuted
by:} Rc8 {[%csl Rc1][%cal Gc5e4]}) ({Also dubious:} 24. Rxd8 $6 Rxd8 $140 25.
Bxc7 $2 Rc8 26. Bg3 $8 Nxe4+ 27. Kd1 Rd8+ 28. Kc1 Nxg3 29. hxg3 $11) 24... Ne6
25. Be3 h5 $5 {[%csl Yh5][%cal Yh5g4] This move against-26.g4;/\h4-h5(clamp in
the king side for black).} (25... c5 $6 26. Kc3 $14 {[%csl Rd5]}) 26. Kc3 $5 ({
After:} 26. Rxd8 Rxd8 27. Rd1 Rxd1 28. Kxd1 {white has a minimum chance for
win.}) 26... c6 $5 {[%csl Rd5][%cal Yc6d5]} 27. a4 $5 {/\Kc4,b4,b5} ({Maybe
better from the beginning:} 27. b4) 27... Nc7 {[%cal Gc7d5]} (27... Kf8 $142 {
[%cal Gf8e7]}) 28. Bf4 Ne6 29. Be3 Nc7 30. Kc4 ({Badly:} 30. b4 $2 {because of:
} Nd5+ {[%csl Rb4,Re3]}) 30... b5+ $6 (30... Kf8 $142 {[%cal Gf8e7]}) 31. axb5
({Dubious:} 31. Kc5 $6 {in view of:} Na6+ $1 (31... Ne6+ $143 32. Kxc6 Rb8 $5
$13 {[%cal Ge8c8]} (32... bxa4 $2 33. Rxd8 Rxd8 34. Bxa7 Rd2 35. Rf2 $16)) 32.
Kxc6 Rb8 $36 {[%cal Ge8c8]}) 31... cxb5+ 32. Kb4 (32. Kc5 $1 Ne6+ $140 33. Kb4
{[%csl Ra7,Rb5] +/=/+/-} (33. Kxb5 $2 Rb8+ 34. Ka4 Rxb2 35. Rf2 $11)) 32... Ra8
{[%cal Ga7a5]} 33. Ra1 $5 ({Interestingly,but senseless:} 33. Rd7 a5+ 34. Kc5
Rec8 35. Rfd1 $13) 33... f5 {[%csl Re3]} (33... Nd5+ $2 34. exd5 Rxe3 35. Rfe1
$1 Rxe1 (35... Rd3 36. Rad1 $16) 36. Rxe1 $16) 34. Rfc1 Re7 {[%cal Gf5e4,Ye7c7]
} ({Again badly:} 34... Nd5+ $2 35. exd5 Rxe3 36. Re1 $16 (36. Rc7 $143 Re2 $14
)) 35. Bc5 $6 ({Good enough:} 35. Bxa7 fxe4 $140 36. Bc5 $1 Rxa1 37. Rxa1 $16)
35... Rd7 {[%csl Rb2,Rg2,Rh2][%cal Gd7d2]} 36. exf5 Rd2 37. Rxa7 $2 (37. Bxa7
$142 Nd5+ (37... Rxb2+ $4 38. Ka3 $18 {[%csl Rb2,Rc7]}) 38. Kxb5 Rxb2+ 39. Kc4
$16) 37... Nd5+ 38. Kxb5 Rxb2+ 39. Kc4 Rxa7 40. Bxa7 Ne7 $14 {[%csl Rf5,Rg2]}
41. f6 $2 (41. g4 $142 Rxh2 42. Bc5 Kf7 43. Re1 $14) 41... gxf6 42. Bd4 (42.
Rg1 Nf5 {[%csl Rf3,Rg2][%cal Gf5h4]}) 42... Rxg2 43. Bxf6 Kf7 $11 44. Be5 Ng6
45. Bc7 Rf2 46. Rc3 Nh4 {[%csl Rf3,Rh2]} 1/2-1/2

[Event "Donetzk zt"]
[Site "Donetsk"]
[Date "1998.11.08"]
[Round "6"]
[White "Kruppa, Yuri"]
[Black "Nosenko, Alexander"]
[Result "1-0"]
[WhiteElo "2570"]
[BlackElo "2425"]
[Annotator "Golod,V"]
[PlyCount "95"]
[EventDate "1998.11.02"]
[EventType "swiss"]
[EventRounds "11"]
[EventCountry "UKR"]
[SourceTitle "CBM 068"]
[Source "ChessBase"]
[SourceDate "1999.02.01"]
[SourceVersion "1"]
[SourceVersionDate "1999.02.01"]
[SourceQuality "1"]

1. d4 Nf6 2. c4 e6 3. Nc3 Bb4 4. Qc2 O-O 5. a3 Bxc3+ 6. Qxc3 Ne4 7. Qc2 f5 8.
e3 $5 ({Other lines are:} 8. g3 $5 {-see comments to Bareev,E-Piket,J/Sarajevo,
1998(cbm66) 1/2-1/2(Golod,V)(27)}) ({and:} 8. Nh3 $5) 8... b6 {Is the main
line.} ({Worse is:} 8... c5 {in view of:} 9. f3 $1 (9. Nf3 $143 b6 10. Bd3 Bb7
11. O-O Nc6 12. Rd1 Ne7 13. b4 {1/2-1/2 Dorfman,J-Romanishin,O/Polanica Zdroj
1993/CBM 37 (22) +/=/=}) (9. Bd3 $143 Qg5 10. g3 b6 11. f3 Qf6 $1 12. Nh3 Nd6
13. dxc5 bxc5 14. Rf1 Nc6 15. Ng1 Rb8 16. Rb1 Ne5 17. Be2 Bb7 18. b3 Qh6 19.
Bd1 Ne4 20. Rb2 $10 {1/2-1/2 Arlandi,E-Wells,P/Linares 1995/CBM 51/[Giese] (25)
[#]}) 9... Qh4+ 10. g3 Nxg3 11. Qf2 f4 12. exf4 Nf5 13. Qxh4 Nxh4 14. dxc5 a5 (
14... Nc6 $5) 15. b3 Nc6 16. Kf2 Rb8 17. Rb1 b6 18. cxb6 Rxb6 19. Be3 Rb7 20.
c5 Rb8 21. Bd3 Bb7 22. Be4 Ne7 23. Ne2 Nd5 24. Bd2 $16 {1-0 Karpov,A-Piket,J/
Monte Carlo 1997/CBM 57 ext (51)}) 9. Ne2 $5 ({Besides, white has three
alternatives:} 9. Nf3) (9. Bd3) (9. Nh3) 9... Bb7 (9... d6 $6 10. f3 Nf6 11.
Bd2 c5 12. O-O-O Nc6 13. Bc3 Qe7 14. Nf4 e5 15. dxe5 Nxe5 16. Be2 $14 {1-0
Linauskas,D-Kaunas,K/Vilnius 1996/CBM 53 ext (40)}) 10. f3 {is the better move!
} ({Dubious:} 10. Ng3 {because of:} Qh4 $1 {[%csl Rg3]} 11. Nxe4 (11. Bd3 d6
12. d5 Nc5 13. O-O Nxd3 14. Qxd3 exd5 $17 {[%csl Rd3,Rf1][%cal Gb7a6] 1/2-1/2
Kahn,E-Murzin,L/Budapest 1996/EXT 98 (67)}) 11... Bxe4 12. Qd2 Rf6 13. h3 Rg6
14. Rg1 Nc6 15. b4 Re8 $36 {0-1 Lev,R-Greenfeld,A/Tel Aviv 1996/CBM 52 ext (35)
}) 10... Nf6 ({Another line is:} 10... Nd6 $5 11. Nc3 (11. Bd2 $2 {see
comments to Beliavsky,A-Lobron,E/Dortmund,1995/cbm48(1-0),(Von Gleich);(51)})
11... Nc6 12. b4 Qh4+ 13. Qf2 Qxf2+ 14. Kxf2 f4 15. Bd3 Nf5 16. Bxf5 fxe3+ 17.
Bxe3 Rxf5 18. Rhe1 {+/=/= Balanel,I-Tsvetkov,A/Marianske Lazne 1951/EXT98(1-0)
(57)}) (10... Qh4+ $2 11. g3 Qh5 12. Bg2 Ng5 13. Nf4 Nxf3+ $140 $2 14. Kf2 $18)
11. Nc3 Kh8 $6 $146 ({Better is:} 11... c5 $5 {[%csl Yd4][%cal Gc5d4]} 12. d5
$5 (12. b4 $5) 12... Kh8 $1 13. e4 $1 {See comments to Azmaiparashvili,Z-Adams,
M/Madrid 1996/cbm53(1/2-1/2),(Azmaiparashvili);(46)} (13. dxe6 $143 {
(Azmaiparashvili)} dxe6 14. Be2 $10)) 12. Be2 {+/=/= White's plan is:0-0,e4.}
c5 $1 {Is the best move(><d4)} 13. dxc5 $5 ({After:} 13. O-O {black equalizes}
Nc6 14. d5 $5 (14. dxc5 bxc5 15. Rd1 Qe7 $11) 14... Ne5 (14... Ne7 $143 15.
dxe6 dxe6 16. Rd1 $14) (14... exd5 $143 15. cxd5 Ne5 16. Qxf5 d6 17. Qc2 Nxd5
18. Nxd5 Bxd5 19. e4 $14) 15. f4 Nf7 $11) 13... bxc5 $140 14. b4 Nc6 $5 ({
Dubious:} 14... cxb4 15. axb4 a5 16. b5 d6 17. Qd3 $1 $14 {/\Ba3(><d6)}) 15. b5
Ne7 ({Also possible:} 15... Ne5 16. O-O d6 17. Rd1 $14) ({and:} 15... Na5 16.
O-O d5 17. cxd5 (17. Rd1 $5) 17... exd5 (17... Nxd5 $2 18. Rd1 $16) 18. Bd3 f4
$1 $13) 16. Bb2 Qc7 $5 {[%cal Gf5f4]} ({Badly:} 16... d5 17. O-O d4 18. Na4 Qd6
19. exd4 cxd4 20. c5 Qf4 21. c6 $16) 17. O-O Rac8 $6 ({Better is at once:} 
17... f4 $5 18. exf4 Qxf4 19. Rad1 Nf5 20. Qd2 {+/=/=}) 18. Rad1 f4 ({After 17.
..Rac8, logical move is:} 18... d5) 19. exf4 (19. e4 $6 {(weakness:d4)} e5 $13)
19... Qxf4 20. Qd2 $1 $14 Qxd2 (20... Ng6 $6 {is refuted by:} 21. Ne4 $1 d5 (
21... Nxe4 $143 22. fxe4 Qxd2 (22... Qxe4 $4 23. Bf3 $18) 23. Rxd2 Rxf1+ 24.
Bxf1 $16) 22. Nxf6 gxf6 23. Rfe1 {+/=/+/-}) 21. Rxd2 d5 22. cxd5 ({Dubious:} 
22. Bd3 {because of:} d4 (22... Rfd8 $6 23. Re2 $16) 23. Nd1 Nh5 24. Nf2 (24.
Re1 Nf4 25. Bf1 Nf5 $13) 24... Nf4 25. Be4 Bxe4 26. Nxe4 Nf5 $13) 22... exd5
23. Rc1 {/\Na4(קc5,Pd5)} Nf5 $6 (23... d4 $1 24. Na4 Nd7 25. Rdc2 Rf5 {+/=/=})
24. Nd1 $5 {(><e3)/\a4,Ba3(><c5)} Nd7 $6 {[%csl Ya4,Yc4][%cal Gd7b6,Gb6c4,
Gb6a4]} (24... Rfe8 $5) 25. a4 Nb6 26. Ba3 $1 {Is the better, than:} (26. a5
Na4 27. Ba3 Nd4 {[%csl Rc1,Rd2][%cal Gd4b3]} 28. Nb2 Nxb2 $2 (28... Nb3 $2 29.
Nxa4 Nxd2 30. Nxc5 Rfe8 31. Kf2 {+/=/+/-}) 29. Rxb2 Rfe8 30. Bf1 c4 {+/=/=})
26... Nxa4 27. Nb2 {[%csl Rc5]} Nxb2 $6 (27... Nb6 $5 28. Rxc5 $14 Rxc5 $140 $6
29. Bxc5 Rc8 $2 30. Bxb6 axb6 31. Na4 $18 {[%csl Rb6]}) 28. Rxb2 c4 $2 (28...
Nd4 29. Rxc5 Rfe8 30. Bf1 Ne6 31. Rxc8 Rxc8 $14 {is a possible continuation of
the play.}) 29. Bxf8 Rxf8 30. Bxc4 $5 $16 ({Better is:} 30. Ra1 $1 {[%csl Ra7]}
c3 31. Rba2 Nd4 32. Rxa7 $1 (32. Bd3 $143 Nb3 $1 33. Rxa7 $140 Nc5 34. Bc2 d4
35. Rd1 Rd8 36. Kf2 $16) 32... c2 (32... Nxe2+ 33. Kf2 $18) 33. Bd3 Nb3 34.
Bxc2 Nxa1 35. Rxa1 $18) 30... Rc8 $8 ({Loses:} 30... dxc4 31. Rxc4 {[%csl Ra7]}
Nd6 32. Rc7 {(/\Rd2;Rd7)} Rb8 (32... h6 $2 33. Rd7 Rf6 34. Rd2 $18 {[%csl Rb7,
Rd6]}) 33. Rd2 Ne8 (33... Nxb5 $2 34. Rxb7 $18 {[%csl Rh8]}) 34. Rcd7 {[%cal
Gd7d8]} Kg8 35. Rd8 Rxd8 36. Rxd8 Kf8 37. Rd7 $18) 31. Rbc2 Nd4 (31... Ne3 $143
32. Bxd5 Rxc2 (32... Nxc2 $143 33. Bxb7 Rc3 (33... Rb8 $4 34. Rxc2 Rxb7 35.
Rc8#) (33... Rc5 $4 {(c7)} 34. Be4 $18) (33... Rc4 34. Bd5 Rc3 35. Be4 {
-see 33...Rc3(after 34.Be4)}) 34. Be4 (34. Kh1 $143 Ra3 $8) 34... Nd4 35. Rxc3
Ne2+ 36. Kf2 Nxc3 37. Bc6 $18) 33. Rxc2 Nxc2 (33... Bxd5 34. Rc8+ Bg8 35. Ra8
$18 {[%csl Gb5]}) (33... Nxd5 34. Re2 $1 {[%csl Rh8]} (34. Ra2 $5) 34... Nf6 (
34... Kg8 $2 35. Re8+ Kf7 36. Rb8 $18 {[%csl Rb7]}) 35. Re7 Bd5 36. Rxa7 $18 {
[%csl Gb5][%cal Gb5b6]}) 34. Bxb7 {+/-/+-}) (31... dxc4 $5 32. Rxc4 Rb8 (32...
Rxc4 $2 33. Rxc4 $18 {[%csl Ra7]}) 33. Rc7 h6 34. Rd7 $16 {/\Rcc7(קa7)}) 32.
Bd3 {White transfers to winning endgame.} Nxc2 33. Rxc2 Rxc2 ({Senseless:} 
33... Kg8 34. Kf2 {and so on.}) ({Loses:} 33... Rb8 {in view of:} 34. Rc7 {
[%cal Gc7h7,Gc7a7,Gf2e3,Gg1f2,Ge3d4]}) 34. Bxc2 d4 $8 {(><e3)} 35. Kf2 {
/\Ke2-d3(קd4)} Bd5 $8 (35... a6 $2 36. b6 $18 {[%csl Gb6][%cal Gc2e4]}) 36.
Ke2 Bc4+ 37. Bd3 Bd5 38. Kd2 {/\Be2,Kd3(Pd4)} g5 $2 {Probably because of the
zeitnot black makes this mistake.} (38... Be6 $142 {[%csl Rb5][%cal Ge6d7,
Ge6f5]} 39. Be2 Bd7 (39... Bf5 $142 40. g4 Bb1 41. h4 {+/-/+-}) 40. Bc4 Bf5 41.
g4 Bg6 (41... Bb1 42. h4) 42. h4 Bb1 (42... h5 43. g5 Bf5 44. f4 $18) (42... h6
43. h5 Bb1 44. Bf7 $1 $18 {/\Bg6,Kd3}) 43. h5 h6 44. Bd5 $18 {[%csl Rd4][%cal
Gd5e4]}) 39. Be2 $18 Kg7 40. Kd3 Kf6 41. Kxd4 Bb7 42. Bd3 h5 43. Be4 Bc8 44.
Kd5 {/\Kd6-c7-b8(קa7)} Be6+ 45. Kd6 {[%cal Yd6e5]} Bc4 46. Bc6 h4 47. g3 hxg3
48. hxg3 1-0